1951 1454 1613 1960 1080 1064 1185 1450 1716 1836 1007 1474 1616 1685 1138 1381 1906 1608 1734 1414 1681 1661 1831 1375 1123 1979 1309 1825 1389 1828 1604 1616 1045 1027 1791 1594 1920 1336 1366 1298 1923 1621 1729 1157 1956 1645 1195 1069 1485 1020 1538 1747 1870 1208 1795 1726 1783 1950 1792 1630 1093 1307 1537 1529 1473 1297 1163 1468 1126 1269 1183 1639 1341 1478 1696 1880 1383 1077 1563 1941 1155 1045 1281 1351 1190 1330 1615 1339 1557 1088 1925 1042 1154 1227 1726 1753 1406 1198 1311 BCNSPRNW ULIB Ver.6.0+V

เปลี่ยนเป็นภาษาไทย

Change to English
 แสดงรายละเอียดบรรณานุกรม
  กลับหน้าหลัก

Brief Record : Get Marc (ISO 2709) : E-mail record : QR code < ปิดหน้าต่าง
LEADER : 00000nam 2200000uu 4500
001    13399127401
003     ULIB
008    200519s2016||||th 000 0 tha d
020    ^a9781506256405 (pbk.)
050  4 ^aPE1128^bL887Bs
100 1  ^aLougheed, Lin,^d1946-
245 10 ^aBarron s IELTS :^bstrategies and tips /^cLin Lougheed
246 30 ^aInternational English Language Testing System strategiesand tips
246 30 ^aIELTS strategies and tips
250    ^a2nd ed.
260    ^aHauppauge, N.Y. :^bBarron s Educational Series,^c2016
300    ^av, 285 p. :^bill. ;^c28 cm. +^e1 CD-ROM
505 0  ^aIELTS listening module -- IELTS reading module -- IELTSwriting module -- IELTS speaking module.
520    ^aThis book offers test-takers a range of strategies forchoosing the best methods for answering questions, alongwith useful tips that help them make choices quickly andefficiently. Together, these tips and strategies will giveprospective test-takers a plan for success on each moduleof the exam.
650  0 ^aInternational English Language Testing System^vStudyguides
650  0 ^aEnglish language^vTextbooks for foreign speakers
650  0 ^aEnglish language^xExaminations^vStudy guides
653    ^aIELTS
945    ^p329^l0^i007072
999    ^aประนอม เกษจรัล
รายการนี้ยังไม่มีแท็ก
คุณยังไม่ได้ล็อกอิน คุณสามารถมีกิจกรรมร่วมกับเว็บไซต์ได้ แต่ต้องล็อกอินก่อน ::
  ล็อกอิน

รายการสื่อสารสนเทศ

ลำดับที่ ประเภท เลขเรียก/บาร์โค้ด สถานที่ สถานะ
1. การศึกษาทั่วไป
หนังสือสำรอง
สถานะ=หนังสือสำรอง
PE1128 L887Bs ฉ.1 
  Barcode: 007072
ห้องสมุดวิทยาเขตสวรรค์ประชารักษ์
►หนังสือทั่วไป
บนชั้น

BibComment


ยังไม่เคยถูกคอมเมนท์

คอมเมนท์ทรัพยากรรายการนี้
  คอมเมนท์: Barron s IELTS ..


 Copyright 2026. Bcnsprnw @Library